Úroveň marketingových inovácií v spracovateľskom priemysle SR

Pojem inovácia. Príspevok sa venuje jednému zo štyroch druhov inovácií - marketingovým inováciám a ich úrovni v spracovateľskom priemysle SR. Typy zavádzaných marketingových metód. Úroveň marketingových inovácií je v rámci spracovateľského priemyslu nízka.

Enregistré dans:
Détails bibliographiques
Auteur principal: Hičák, Štefan, 1983-
Format: Chapitre de livre
Langue:slovaque
Sujets:
Tags: Ajouter un tag
Pas de tags, Soyez le premier à ajouter un tag!

MARC

LEADER 00000nla$a2200000$$$4500
001 0126369
005 20240502072436.2
041 0 |a slo 
044 |a SK 
245 1 0 |a Úroveň marketingových inovácií v spracovateľskom priemysle SR  |c Štefan Hičák 
520 |a Pojem inovácia. Príspevok sa venuje jednému zo štyroch druhov inovácií - marketingovým inováciám a ich úrovni v spracovateľskom priemysle SR. Typy zavádzaných marketingových metód. Úroveň marketingových inovácií je v rámci spracovateľského priemyslu nízka. 
610 2 0 |a inovácia 
610 2 0 |a marketing 
610 2 0 |a metódy 
610 2 0 |a priemysel spracovateľský 
100 1 |a Hičák, Štefan, 1983-